000 00473nam a2200193Ia 4500
005 20260618140542.0
008 131103s9999 xx 000 0 und d
040 _aLoreto College
041 _aEnglish
082 _a242
_bMOR
100 _aMorgan, G.Campbell
245 _aPractice of prayer
_cG.Campbell Morgan
260 _aLondon
_bHenry
_c1963
300 _a128p.
650 _aChristianity
651 _aDevotional literature
850 _aLCLIB
942 _cBK
999 _c25713
_d76192